2024 AFL All-Australian Team - Statistics

General Stats
  • This quiz has been taken 66 times
    23 since last reset
  • The average score is 19 of 23
Answer Stats
Position Club Answer % Correct
MID (c) Western Bulldogs Marcus Bontempelli
100%
MID Collingwood Nick Daicos
100%
FWD West Coast Jake Waterman
94%
FWD Geelong Jeremy Cameron
94%
RUCK Melbourne Max Gawn
94%
DEF Sydney Nick Blakey
94%
MID (vc) Carlton Patrick Cripps
94%
MID Fremantle Caleb Serong
88%
MID Sydney Errol Gulden
88%
DEF Carlton Jacob Weitering
88%
INT Port Adelaide Zak Butters
88%
DEF Port Adelaide Dan Houston
81%
DEF West Coast Jeremy McGovern
81%
FWD GWS Jesse Hogan
81%
INT Brisbane Lachie Neale
81%
DEF Fremantle Luke Ryan
81%
FWD Sydney Chad Warner
75%
Coach Brisbane Chris Fagan
75%
DEF Brisbane Dayne Zorko
75%
FWD Sydney Isaac Heeney
75%
INT Western Bulldogs Adam Treloar
63%
FWD Hawthorn Dylan Moore
63%
INT GWS Lachie Whitfield
56%
No matching quizzes found
Score Distribution
Percent of People with Each Score
Percentile by Number Answered
Your Score History
You have not taken this quiz since the last reset